Zborník referátov zo sympózia O problematike chovu a chorôb hydiny Stará Lesná - Vysoké Tatry, 6. a 7. mája 1980

Bibliographic Details
Corporate Author: O problematike chovu a chorôb hydiny Vysoké Tatry, Slovensko
Other Authors: Chovanová, Věra (Compiler)
Format: Conference Proceeding Book
Language:Slovak
Czech
PhysicalDescription:122 s. sch., tab. 29 cm
Published: Bratislava Ústav veterinárnej osvety ŠVS 1980
Edition:1. vyd.
Subjects:

MARC

LEADER 00000cam a2200000 a 4500
001 vtls001100583
003 SK-MaSNL
005 20260301153434.0
008 250313s1980 xo a 100 0 slo
015 |a SNBA1980 
035 |a SNK000043425 
035 |a urn:nbn:sk:snk-amkymf 
035 |a urn:nbn:sk:snk-am008pwr 
035 |a 98860F08-FCD8-4D07-ACE1-05BF0BD40C2B 
040 |a SNK  |b slo  |c SNK  |e AACR2 
041 0 |a slo  |a cze 
044 |a xo  |c SK 
080 |a 636.5.08(08)  |2 1981 
080 |a 619  |2 1981 
080 |a 636.5(08)  |2 1981 
111 2 |a O problematike chovu a chorôb hydiny  |d (1980 :  |c Vysoké Tatry, Slovensko)  |9 515016 
245 1 0 |a Zborník referátov zo sympózia O problematike chovu a chorôb hydiny  |b Stará Lesná - Vysoké Tatry, 6. a 7. mája 1980  |c zostavila Věra Chovanová 
250 |a 1. vyd. 
260 |a Bratislava  |b Ústav veterinárnej osvety ŠVS  |c 1980 
300 |a 122 s.  |b sch., tab.  |c 29 cm 
366 |e 400 výt. 
546 |a Čiast. text aj v češ. 
650 0 7 |a hydina  |2 SNKPH  |9 2747 
650 0 7 |a chov hospodárskych zvierat  |2 SNKPH  |9 2802 
650 0 7 |a choroby hospodárskych zvierat  |2 SNKPH  |9 68493 
655 7 |a zborníky konferencií  |2 SNKPH  |9 70153 
700 1 |a Chovanová, Věra  |4 com  |9 515017 
852 |a Slovenská národná knižnica 
958 |a OND 
958 |a RM 
999 |c 792986  |d 794916 
952 |a SNK  |b SNK  |y PREZ  |7 0  |p 17A0987658  |o snkSB 30899  |i snkKSP 8657/80  |0 0  |1 0  |4 0  |d 2014-11-12  |f 1  |l 0  |r 2025-04-04 00:00:00  |w 2026-02-24